[Event "Llinars del Valles op-B 13th"]
[Site "Llinars del Valles"]
[Date "2019.06.01"]
[Round "6"]
[White "Lau Barraza, Salvador"]
[Black "Llonch Farres, Gerard"]
[Result "0-1"]
[WhiteElo "1763"]
[BlackElo "1319"]
[PlyCount "126"]
[EventDate "2019.03.30"]
[EventType "swiss"]
[EventRounds "8"]
[EventCountry "ESP"]
[SourceTitle "EXT 2020"]
[Source "ChessBase"]
[SourceDate "2019.10.17"]
[SourceVersion "1"]
[SourceVersionDate "2019.10.17"]
[SourceQuality "1"]

1. d4 d5 2. Nf3 Nf6 3. Bf4 c5 4. e3 Nc6 5. Nbd2 e6 6. c3 Bd6 7. Ne5 0-0 8. Bd3 Ne7 9. h3 a6 10. 0-0 b5 11. a3 Qc7 12. Bh2 Nd7 13. f4 f5 14. g4 Nf6 15. g5 Ne4 16. Ndf3 Bb7 17. Qe1 Ng6 18. Kh1 Rac8 19. h4 cxd4 20. Nxd4 Rce8 21. Ndf3 Nxe5 22. Nxe5 Bxe5 23. fxe5 d4 24. Bxe4 Bxe4+ 25. Kg1 d3 26. a4 Qc4 27. axb5 axb5 28. Qd2 Rd8 29. Rfd1 Bf3 30. Bf4 Bxd1 31. Rxd1 Qe4 32. Kf2 Rf7 33. Ra1 Rc7 34. Bg3 b4 35. Rc1 Rdc8 36. Ke1 bxc3 37. Rxc3 Rxc3 38. bxc3 Ra8 39. Kf2 Qd5 40. e4 Qc4 41. Ke3 Ra2 42. Qxd3 Qxd3+ 43. Kxd3 fxe4+ 44. Kxe4 Kf7 45. Kd4 Ra3 46. Kc4 Ke7 47. Kb4 Ra1 48. c4 Kd7 49. Kc5 Kc7 50. Kb5 Rc1 51. Bf2 Rc2 52. Bb6+ Kb7 53. Ba5 Re2 54. Bc3 Re4 55. Kc5 Kc7 56. Ba5+ Kd7 57. Bc3 Rxh4 58. Kb5 Rh3 59. Bb4 h5 60. gxh6 gxh6 61. c5 Rb3 62. c6+ Kc7 63. Kc4 Rxb4+ 0-1

[Event "Llinars del Valles op-B 13th"]
[Site "Llinars del Valles"]
[Date "2019.04.27"]
[Round "3"]
[White "Cruanas Verdu, Joaquin"]
[Black "Lau Barraza, Salvador"]
[Result "0-1"]
[WhiteElo "1536"]
[BlackElo "1763"]
[PlyCount "82"]
[EventDate "2019.03.30"]
[EventType "swiss"]
[EventRounds "8"]
[EventCountry "ESP"]
[SourceTitle "EXT 2020"]
[Source "ChessBase"]
[SourceDate "2019.10.17"]
[SourceVersion "1"]
[SourceVersionDate "2019.10.17"]
[SourceQuality "1"]

1. b3 d5 2. Bb2 Bf5 3. e3 Nd7 4. c4 e6 5. cxd5 exd5 6. Nf3 Ngf6 7. d4 Bd6 8. Nc3 c6 9. Nh4 Bg4 10. f3 Bh5 11. Nf5 Bf8 12. Bd3 g6 13. Ng3 Bh6 14. Nf1 g5 15. g4 Bg6 16. Bxg6 hxg6 17. Ba3 Qa5 18. Qc1 0-0-0 19. b4 Qc7 20. Qd2 Nb6 21. Qc2 Nc4 22. Bc1 Bf8 23. a3 Bd6 24. e4 Bf4 25. Bxf4 Qxf4 26. exd5 Qxd4 27. Rd1 Qe5+ 28. Ne4 cxd5 29. Qc3 Rhe8 30. Qxe5 Rxe5 31. Rc1 b5 32. Nfd2 dxe4 33. Nxc4 bxc4 34. Rxc4+ Kb7 35. Ke2 exf3+ 36. Kxf3 Rd3+ 37. Kg2 Re2+ 38. Kf1 Ra2 39. Rc1 Nxg4 40. h4 Ne3+ 41. Ke1 Rdd2 0-1

[Event "Llinars del Valles op-B 13th"]
[Site "Llinars del Valles"]
[Date "2019.04.06"]
[Round "2"]
[White "Lau Barraza, Salvador"]
[Black "Vicedo Navau, Carles"]
[Result "1/2-1/2"]
[WhiteElo "1763"]
[BlackElo "1540"]
[PlyCount "120"]
[EventDate "2019.03.30"]
[EventType "swiss"]
[EventRounds "8"]
[EventCountry "ESP"]
[SourceTitle "EXT 2020"]
[Source "ChessBase"]
[SourceDate "2019.10.17"]
[SourceVersion "1"]
[SourceVersionDate "2019.10.17"]
[SourceQuality "1"]

1. d4 d5 2. Bf4 c6 3. Nf3 Nf6 4. e3 a6 5. Be2 Bf5 6. c3 e6 7. Qb3 Qc8 8. 0-0 Nbd7 9. a4 Be7 10. Nbd2 h6 11. h3 0-0 12. c4 dxc4 13. Nxc4 Be4 14. Nd6 Bxd6 15. Bxd6 Re8 16. Rac1 Bd5 17. Qb4 a5 18. Qe1 Ne4 19. Bf4 Bb3 20. Nd2 Nxd2 21. Qxd2 Bxa4 22. Rc3 Qd8 23. Rfc1 e5 24. Bg3 exd4 25. Qxd4 Nb6 26. Qg4 Qg5 27. Qxg5 hxg5 28. b3 Bb5 29. Bxb5 cxb5 30. Rc5 Rac8 31. Bc7 Na8 32. Bxa5 Rxc5 33. Rxc5 b6 34. Rxg5 bxa5 35. Rxb5 Nc7 36. Rxa5 Rb8 37. Ra3 Nb5 38. Ra2 Nc3 39. Rb2 f5 40. Kf1 Kf7 41. Ke1 Ke6 42. f3 Rd8 43. Rd2 Rb8 44. Rb2 g5 45. Kd2 Nd5 46. e4 fxe4 47. fxe4 Nf4 48. Ke3 Ke5 49. b4 Rc8 50. b5 Rc3+ 51. Kd2 Rd3+ 52. Kc2 Kxe4 53. Rb4+ Ke3 54. b6 Rd2+ 55. Kb1 Rd8 56. Rb5 Nd5 57. Kb2 Rb8 58. Rxd5 Rxb6+ 59. Kc3 Kf4 60. Rd4+ Kf5 1/2-1/2

[Event "Llinars del Valles op-A 6th"]
[Site "Llinars del Valles"]
[Date "2012.05.19"]
[Round "6"]
[White "Martinez Lopez, Carlos"]
[Black "Lau Barraza, Salvador"]
[Result "1-0"]
[WhiteElo "1623"]
[BlackElo "1853"]
[PlyCount "109"]
[EventDate "2012.04.14"]
[EventType "swiss"]
[EventRounds "9"]
[EventCountry "ESP"]
[SourceTitle "EXT 2013"]
[Source "ChessBase"]
[SourceDate "2012.11.22"]
[SourceVersion "1"]
[SourceVersionDate "2012.11.22"]
[SourceQuality "1"]

1. e4 e5 2. Nc3 Nf6 3. g3 Bb4 4. Bg2 Nc6 5. Nge2 0-0 6. 0-0 d6 7. d3 h6 8. h3 a6 9. Kh2 Ne7 10. f4 c6 11. fxe5 dxe5 12. Bxh6 Ng4+ 13. hxg4 gxh6 14. Qd2 Kh7 15. Rf6 Ng8 16. Rff1 Bxg4 17. a3 Be7 18. Bh3 Bg5 19. Qe1 Bxh3 20. Kxh3 Qd7+ 21. Kg2 Nf6 22. Nd1 Ng4 23. Ng1 Rae8 24. Nh3 Bd8 25. Nhf2 Rg8 26. Nxg4 Qxg4 27. Rxf7+ Kh8 28. Ne3 Qg6 29. Rf3 Bg5 30. Nf5 Ref8 31. Qc3 Qe6 32. Raf1 Rf6 33. Qb4 Rf7 34. Qd6 Qxd6 35. Nxd6 Rfg7 36. Rf8 Bf4 37. Rxg8+ Kxg8 38. Nf5 Rg4 39. Kf3 h5 40. gxf4 Rxf4+ 41. Kg2 Rg4+ 42. Kh2 Kh7 43. Rf3 Kg6 44. Rg3 Kg5 45. Kh3 Kf4 46. Rxg4+ hxg4+ 47. Kg2 c5 48. c3 b5 49. b4 c4 50. dxc4 bxc4 51. Nd6 Ke3 52. a4 Kd3 53. b5 axb5 54. axb5 Kxc3 55. b6 1-0